Normal view
MARC view
Entry Personal Name
001 - CONTROL NUMBER
- control field: 565714
003 - CONTROL NUMBER IDENTIFIER
- control field: OSt
005 - DATE AND TIME OF LATEST TRANSACTION
- control field: 20220930201336.0
008 - FIXED-LENGTH DATA ELEMENTS
- fixed length control field: 220930|| aca||aabn | a|a d
040 ## - CATALOGING SOURCE
- Original cataloging agency: OSt
- Transcribing agency: OSt
100 ## - HEADING--PERSONAL NAME
- Personal name: Rai Devinder
670 ## - SOURCE DATA FOUND
- Source citation: Work cat.: (OSt)901783: Rai Devinder, Evaluation of acoustic reflex in cases of sensori-neural hearing disorders, 1984
